| 000 | 00614nam a22001937a 4500 | ||
|---|---|---|---|
| 999 |
_c14879 _d14879 |
||
| 003 | AR-CdUCM | ||
| 008 | 190425b ||||| |||| 00| 0 spa d | ||
| 020 | _a978-607-618-477-6 | ||
| 040 |
_aMUNICIPALIDAD PROVINCIAL DEL CUSCO _cBIBLIOTECA MUNICIPAL DEL CUSCO |
||
| 082 |
_aPI /376.1 / _bE23 |
||
| 110 |
_aEditions piccolia _933833 |
||
| 245 | _aLas formas / | ||
| 260 |
_aMéxico : _bPiccolia, _c2015. |
||
| 300 |
_a8 páginas ; _bIlustraciones, _c16 cm. |
||
| 650 |
_aLiteratura infantil _9588 |
||
| 700 |
_aCaballero Del Moral, Samantha (traducción) _932981 |
||
| 942 |
_2ddc _cLIBROS |
||
| 945 |
_aacv _d2019-04-25 |
||